000 00957nam a2200277 a 4500
003 OSt
005 20131022172429.0
008 131022s1999 sz ||||| |||| 00| 0 spa d
020 _a92-4-320885-3
040 _cBiblioteca Medicina
041 _aspa
082 _bOMS IT 885
110 _aOrganizacion Mundial de la Salud
_91006
245 0 0 _aComite de Expertos de la OMS en especificaciones para las preparaciones farmaceuticas.
_b35º Informe
250 _a1º ed.
260 _aGinebra
_bOrganizacion Mundial de la Salud
_c1999
300 _a168 p.
440 0 0 _aInformes Tecnicos
_n885
_92778
653 _aPREPARACIONES FARMACEUTICAS-NORMAS
653 _aINDUSTRIA FARMACEUTICA
653 _aCONTROL DE CALIDAD
653 _aCONTROL DE MEDICAMENTOS Y NARCOTICOS-NORMAS
653 _aLEGISLACION DE MEDICAMENTOS
942 _2ddc
_cPH
999 _c1859
_d1859
952 _pH0103
_40
_00
_bBFM
_10
_oOMS IT 885
_d2013-10-22
_tEj. 1
_8NFIC
_70
_cCR
_2ddc
_yPH
_aBFM